000 00599nam a2200205Ia 4500
005 20250508153206.0
008 008 250505s9999 xx 000 0 eng d
037 _aTextual
040 _aFEDL
_beng
_cFEDL
041 _aeng
_2eng
084 _a371.7322, MIL
_qFEDL
100 _aMiller Arthur G
_935409
245 0 _aPhysical education in the elementary school curriculum
250 _a2nd
260 _aEnglewood Cliffs
_b Prentice-Hall
_c1963
300 _axi,340p.
700 _a Whitcomb Virginia
_9763368
942 _cTEXL
_h371.7322, MIL
999 _c1341152
_d1341152